Biggest City In Kansas For Each Letter - Statistics

General Stats
  • This quiz has been taken 12 times
    2 since last reset
  • The average score is 8 of 25
Answer Stats
Hint Answer % Correct
K Kansas City
100%
T Topeka
100%
W Wichita
100%
D Dodge City
50%
E Emporia
50%
G Garden City
50%
H Hutchinson
50%
I Independence
50%
J Junction City
50%
L Lawrence
50%
M Manhattan
50%
O Overland Park
50%
S Shawnee
50%
A Andover
0%
B Bel Aire
0%
C Coffeyville
0%
F Fort Scott
0%
N Newton
0%
P Prairie Village
0%
Q Quinter
0%
R Roeland Park
0%
U Ulysses
0%
V Valley Center
0%
Y Yates Center
0%
Z Zurich
0%
No matching quizzes found
Score Distribution
Percent of People with Each Score
Percentile by Number Answered
Your Score History
You have not taken this quiz since the last reset